000 00381nam a22001457a 4500
003 OSt
005 20160727222455.0
008 160705b xxu||||| |||| 00| 0 eng d
040 _cTEST
100 _92163
_a Rastogi, R
245 _aLet us Identify the Useful Trees
260 _aN.D
_b Children Books Trust
_c2004
300 _aLet us Identify the Useful Trees
942 _2ddc
_cBK
999 _c1853
_d1853